Draw all Australian State Borders on a Map - Statistics

General Stats
  • This quiz has been taken 1,404 times
  • The average score is 9 of 10
Answers on the Map
Answers color-coded by a green-red scale on the quiz's map according to % correct below.
 
Answer Stats
Answer % Correct
New South Wales - Queensland
96%
New South Wales - Victoria
93%
Northern Territory - Queensland
91%
South Australia - New South Wales
90%
Western Australia - Northern Territory
90%
Queensland - South Australia
89%
Victoria - South Australia
89%
Western Australia - South Australia
89%
South Australia - Northern Territory
88%
Australian Capital Territory - New South Wales
74%
No matching quizzes found
Score Distribution
Percent of People with Each Score
Percentile by Number Answered
Your Score History
You have not taken this quiz